Could bidding costs kill PFI? (Record no. 75924)
[ view plain ]
| 000 -LEADER | |
|---|---|
| fixed length control field | 01004cab a2200181 4500 |
| 001 - CONTROL NUMBER | |
| control field | L131051 |
| 008 - FIXED-LENGTH DATA ELEMENTS--GENERAL INFORMATION | |
| fixed length control field | 050923n2005 000 0 eng u |
| 035 ## - SYSTEM CONTROL NUMBER | |
| System control number | (Sirsi) u131051 |
| 041 0# - LANGUAGE CODE | |
| Language code of text/sound track or separate title | eng |
| 100 1# - MAIN ENTRY--PERSONAL NAME | |
| Personal name | Lynch, Russ |
| 245 00 - TITLE STATEMENT | |
| Title | Could bidding costs kill PFI? |
| 260 ## - PUBLICATION, DISTRIBUTION, ETC. | |
| Date of publication, distribution, etc. | 2005 |
| 490 #0 - SERIES STATEMENT | |
| Series statement | Construction News |
| Volume/sequential designation | (6933) 8 September 2005, 14-15(2) |
| 520 ## - SUMMARY, ETC. | |
| Summary, etc. | Discusses what can be done to encourage contractors to use government procurement programme, as costs and lengthy process involved in PFI bidding discourages them. Representatives of the Major Contractors' Group suggest more standardisation and less detailed design at start of bidding process, which leads to vastly expensive and largely wasted outlay. Often two complete schemes are drawn up for final submission, only for one to be completely discarded. Business Services Association also suggests crackdown on consultant's fees, which increase cost of process. |
| 590 ## - LOCAL NOTE (RLIN) | |
| Local note | IKA270905 |
| 690 ## - LOCAL SUBJECT ADDED ENTRY--TOPICAL TERM (OCLC, RLIN) | |
| Topical term or geographic name as entry element | Procurement |
| 9 (RLIN) | 6260 |
| 942 ## - ADDED ENTRY ELEMENTS (KOHA) | |
| Suppress in OPAC | 0 |
| Withdrawn status | Lost status | Source of classification or shelving scheme | Damaged status | Not for loan | Home library | Current library | Shelving location | Date acquired | Total Checkouts | Full call number | Barcode | Date last seen | Copy number | Price effective from | Koha item type |
|---|---|---|---|---|---|---|---|---|---|---|---|---|---|---|---|
| Dewey Decimal Classification | London | London | Journal article | 23/09/2005 | L131051 | 131051-1001 | 06/08/2019 | 1 | 06/08/2019 | Journal article |